Hacia un acuerdo hemisférico de los pueblos / Irene León
Síntesis del ensayo: ¿Hasta dónde nos sirven las identidades? Una propuesta de repensar la identidad en los movimientos feministas y étnico-raciales
Guardat en:
| Autor principal: | |
|---|---|
| Format: | Llibre |
| Idioma: | Spanish |
| Matèries: | |
| Etiquetes: |
Afegir etiqueta
Sense etiquetes, Sigues el primer a etiquetar aquest registre!
|
MARC
| LEADER | 00000nam a22000007a 4500 | ||
|---|---|---|---|
| 003 | cru CIDCACS/IIS | ||
| 005 | 20230328144117.0 | ||
| 008 | 191009b ||||| |||| 00| 0 spa d | ||
| 040 | |c cru CIDCACS/IIS | ||
| 100 | 1 | |9 4920 |a León, Irene | |
| 245 | 1 | |a Hacia un acuerdo hemisférico de los pueblos / |b Irene León | |
| 300 | |a páginas 12-15 | ||
| 520 | |a Síntesis del ensayo: ¿Hasta dónde nos sirven las identidades? Una propuesta de repensar la identidad en los movimientos feministas y étnico-raciales | ||
| 650 | 4 | |9 3818 |a CONVENIOS COMERCIALES | |
| 650 | 0 | |9 507 |a ACUERDOS INTERNACIONALES | |
| 650 | 4 | |9 1945 |a COMERCIO INTERNACIONAL | |
| 773 | 0 | |0 42391 |9 3513 |a Agencia Latinoamericana de Información, ALAI |d Quito, Ecuador: ALAI |o 08351 |t ALAI: |x 08275564 | |
| 942 | |2 ddc |c PP | ||
| 999 | |c 42458 |d 42458 | ||
